000 00622nam a2200265Ia 4500
005 20260121165739.0
008 008 260114s9999 xx 000 0 eng d
020 _a9783319425658
037 _aEBOOK
040 _aCRL
040 _beng
040 _cCRL
041 _2eng
041 _aeng
084 _qCRL
100 _aBrian S. Everitt
_91055528
245 0 _aHealth and Lifestyle
260 _bSpringer
260 _bSpringer
260 _c2016
856 _uhttps://link.springer.com/openurl?genre=book&isbn=978-3-319-42565-8
942 _cEBOOK
999 _c1621256
_d1621256